00281nam a2200121Ia 4500008004100000041001200041082001100053100002300064245001800087260001600105650001400121700002400135221030s9999 xx 000 0 und d aEnglish a105.23 aSushant Gulati/228 0aFILE SPLITTER aJammuc2001 aComputers aSwapan Shridhar/219